Click Fast to Survive! - Statistics

General Stats
  • This quiz has been taken 1,143 times
    1,133 since last reset
  • The average score is 82 of 100
Answer Stats
Hint Answer % Correct
~~/\/\/\/\~~~~~~~~~~~/|~~~~~~~~
^ (_) (_) > . . . __--~~~ ~~---___.`/
.\__O__/ . . . .==_º_) _\|_----~~\\
Swim!
97%
~~/\/\/\/\~~~~~~~~~~~/|~~~~~~~~
< (_) (_) ^ . . . __--~~~ ~~---___./
. \__O__/ . . . .==_º_) _\|_----~~\\
Swim!
97%
~~/\/\/\/\~~~~~~~~~~~/|~~~~~~~~
^ (_) (_) > . . . __--~~~ ~~---___.`/
.\__O__/ . . . .==_º_) _\|_----~~\\
Swim!
97%
~~/\/\/\/\~~~~~~~~~~~/|~~~~~~~~
< (_) (_) ^ . . . __--~~~ ~~---___./
. \__O__/ . . . .==_º_) _\|_----~~\\
Swim!
97%
~~/\/\/\/\~~~~~~~~~~~/|~~~~~~~~
^ (_) (_) > . . . __--~~~ ~~---___.`/
.\__O__/ . . . .==_º_) _\|_----~~\\
Swim!
97%
~~/\/\/\/\~~~~~~~~~~~/|~~~~~~~~
< (_) (_) ^ . . . __--~~~ ~~---___./
. \__O__/ . . . .==_º_) _\|_----~~\\
Swim!
96%
~~/\/\/\/\~~~~~~~~~~~/|~~~~~~~~
^ (_) (_) > . . . __--~~~ ~~---___.`/
.\__O__/ . . . .==_º_) _\|_----~~\\
Swim!
96%
~~/\/\/\/\~~~~~~~~~~~/|~~~~~~~~
< (_) (_) ^ . . . __--~~~ ~~---___./
. \__O__/ . . . .==_º_) _\|_----~~\\
Swim!
96%
~~/\/\/\/\~~~~~~~~~~~/|~~~~~~~~
^ (_) (_) > . . . __--~~~ ~~---___.`/
.\__O__/ . . . .==_º_) _\|_----~~\\
Swim!
96%
~~/\/\/\/\~~~~~~~~~~~/|~~~~~~~~
< (_) (_) ^ . . . __--~~~ ~~---___./
. \__O__/ . . . .==_º_) _\|_----~~\\
Swim!
96%
~~/\/\/\/\~~~~~~~~~~~/|~~~~~~~~
^ (_) (_) > . . . __--~~~ ~~---___.`/
.\__O__/ . . . .==_º_) _\|_----~~\\
Swim!
96%
~~/\/\/\/\~~~~~~~~~~~/|~~~~~~~~
< (_) (_) ^ . . . __--~~~ ~~---___./
. \__O__/ . . . .==_º_) _\|_----~~\\
Swim!
96%
~~/\/\/\/\~~~~~~~~~~~/|~~~~~~~~
^ (_) (_) > . . . __--~~~ ~~---___.`/
.\__O__/ . . . .==_º_) _\|_----~~\\
Swim!
95%
~~/\/\/\/\~~~~~~~~~~~/|~~~~~~~~
< (_) (_) ^ . . . __--~~~ ~~---___./
. \__O__/ . . . .==_º_) _\|_----~~\\
Swim!
95%
~~/\/\/\/\~~~~~~~~~~~/|~~~~~~~~
^ (_) (_) > . . . __--~~~ ~~---___.`/
.\__O__/ . . . .==_º_) _\|_----~~\\
Swim!
95%
~~/\/\/\/\~~~~~~~~~~~/|~~~~~~~~
< (_) (_) ^ . . . __--~~~ ~~---___./
. \__O__/ . . . .==_º_) _\|_----~~\\
Swim!
95%
~~/\/\/\/\~~~~~~~~~~~/|~~~~~~~~
^ (_) (_) > . . . __--~~~ ~~---___.`/
.\__O__/ . . . .==_º_) _\|_----~~\\
Swim!
95%
~~/\/\/\/\~~~~~~~~~~~/|~~~~~~~~
< (_) (_) ^ . . . __--~~~ ~~---___./
. \__O__/ . . . .==_º_) _\|_----~~\\
Swim!
95%
~~/\/\/\/\~~~~~~~~~~~/|~~~~~~~~
^ (_) (_) > . . . __--~~~ ~~---___.`/
.\__O__/ . . . .==_º_) _\|_----~~\\
Swim!
94%
~~/\/\/\/\~~~~~~~~~~~/|~~~~~~~~
< (_) (_) ^ . . . __--~~~ ~~---___./
. \__O__/ . . . .==_º_) _\|_----~~\\
Swim!
94%
~~/\/\/\/\~~~~~~~~~~~/|~~~~~~~~
^ (_) (_) > . . . __--~~~ ~~---___.`/
.\__O__/ . . . .==_º_) _\|_----~~\\
Swim!
94%
~~/\/\/\/\~~~~~~~~~~~/|~~~~~~~~
< (_) (_) ^ . . . __--~~~ ~~---___./
. \__O__/ . . . .==_º_) _\|_----~~\\
Swim!
93%
~~/\/\/\/\~~~~~~~~~~~/|~~~~~~~~
^ (_) (_) > . . . __--~~~ ~~---___.`/
.\__O__/ . . . .==_º_) _\|_----~~\\
Swim!
93%
~~/\/\/\/\~~~~~~~~~~~/|~~~~~~~~
< (_) (_) ^ . . . __--~~~ ~~---___./
. \__O__/ . . . .==_º_) _\|_----~~\\
Swim!
92%
~~/\/\/\/\~~~~~~~~~~/|~~~~~~~~
^ (_) (_) > . ..__--~~~ ~~---___.`/
.\__O__/ . .. ==_º_) _\|_----~~\\
Swim!
92%
~~/\/\/\/\~~~~~~~~~~/|~~~~~~~~
< (_) (_) ^ . ..__--~~~ ~~---___./
. \__O__/ . . . ==_º_) _\|_----~~\\
Swim!
92%
~~/\/\/\/\~~~~~~~~~~/|~~~~~~~~
^ (_) (_) > . ..__--~~~ ~~---___.`/
.\__O__/ . .. ==_º_) _\|_----~~\\
Swim!
92%
~~/\/\/\/\~~~~~~~~~~/|~~~~~~~~
< (_) (_) ^ . ..__--~~~ ~~---___./
. \__O__/ . . . ==_º_) _\|_----~~\\
Swim!
92%
~~/\/\/\/\~~~~~~~~~~/|~~~~~~~~
^ (_) (_) > . ..__--~~~ ~~---___.`/
.\__O__/ . .. ==_º_) _\|_----~~\\
Swim!
92%
~~/\/\/\/\~~~~~~~~~~/|~~~~~~~~
< (_) (_) ^ . ..__--~~~ ~~---___./
. \__O__/ . . . ==_º_) _\|_----~~\\
Swim!
92%
~~/\/\/\/\~~~~~~~~~~/|~~~~~~~~
^ (_) (_) > . ..__--~~~ ~~---___.`/
.\__O__/ . .. ==_º_) _\|_----~~\\
Swim!
92%
~~/\/\/\/\~~~~~~~~~~/|~~~~~~~~
< (_) (_) ^ . ..__--~~~ ~~---___./
. \__O__/ . . . ==_º_) _\|_----~~\\
Swim!
92%
~~/\/\/\/\~~~~~~~~~~/|~~~~~~~~
^ (_) (_) > . ..__--~~~ ~~---___.`/
.\__O__/ . .. ==_º_) _\|_----~~\\
Swim!
92%
~~/\/\/\/\~~~~~~~~~~/|~~~~~~~~
< (_) (_) ^ . ..__--~~~ ~~---___./
. \__O__/ . . . ==_º_) _\|_----~~\\
Swim!
91%
~~/\/\/\/\~~~~~~~~~~/|~~~~~~~~
^ (_) (_) > . ..__--~~~ ~~---___.`/
.\__O__/ . .. ==_º_) _\|_----~~\\
Swim!
91%
~~/\/\/\/\~~~~~~~~~~/|~~~~~~~~
< (_) (_) ^ . ..__--~~~ ~~---___./
. \__O__/ . . . ==_º_) _\|_----~~\\
Swim!
91%
~~/\/\/\/\~~~~~~~~~~/|~~~~~~~~
^ (_) (_) > . ..__--~~~ ~~---___.`/
.\__O__/ . .. ==_º_) _\|_----~~\\
Swim!
91%
~~/\/\/\/\~~~~~~~~~~/|~~~~~~~~
< (_) (_) ^ . ..__--~~~ ~~---___./
. \__O__/ . . . ==_º_) _\|_----~~\\
Swim!
90%
~~/\/\/\/\~~~~~~~~~~/|~~~~~~~~
^ (_) (_) > . ..__--~~~ ~~---___.`/
.\__O__/ . .. ==_º_) _\|_----~~\\
Swim!
90%
~~/\/\/\/\~~~~~~~~~~/|~~~~~~~~
< (_) (_) ^ . ..__--~~~ ~~---___./
. \__O__/ . . . ==_º_) _\|_----~~\\
Swim!
90%
~~/\/\/\/\~~~~~~~~~~/|~~~~~~~~
^ (_) (_) > . ..__--~~~ ~~---___.`/
.\__O__/ . .. ==_º_) _\|_----~~\\
Swim!
89%
~~/\/\/\/\~~~~~~~~~~/|~~~~~~~~
< (_) (_) ^ . ..__--~~~ ~~---___./
. \__O__/ . . . ==_º_) _\|_----~~\\
Swim!
89%
~~/\/\/\/\~~~~~~~~~/|~~~~~~~~
^ (_) (_) > ..__--~~~ ~~---___.`/
.\__O__/ .. ==_º_) _\|_----~~\\
Swim!
89%
~~/\/\/\/\~~~~~~~~~/|~~~~~~~~
< (_) (_) ^ ..__--~~~ ~~---___./
. \__O__/ . .==_º_) _\|_----~~\\
Swim!
89%
~~/\/\/\/\~~~~~~~~~/|~~~~~~~~
^ (_) (_) > ..__--~~~ ~~---___.`/
.\__O__/ .. ==_º_) _\|_----~~\\
Swim!
89%
~~/\/\/\/\~~~~~~~~~/|~~~~~~~~
< (_) (_) ^ ..__--~~~ ~~---___./
. \__O__/ . .==_º_) _\|_----~~\\
Swim!
88%
~~/\/\/\/\~~~~~~~~~/|~~~~~~~~
^ (_) (_) > ..__--~~~ ~~---___.`/
.\__O__/ . . ==_º_) _\|_----~~\\
Swim!
88%
~~/\/\/\/\~~~~~~~~~/|~~~~~~~~
< (_) (_) ^ ..__--~~~ ~~---___./
. \__O__/ ..==_º_) _\|_----~~\\
Swim!
88%
~~/\/\/\/\~~~~~~~~~/|~~~~~~~~
^ (_) (_) > ..__--~~~ ~~---___.`/
.\__O__/ . . ==_º_) _\|_----~~\\
Swim!
88%
~~/\/\/\/\~~~~~~~~~/|~~~~~~~~
< (_) (_) ^ ..__--~~~ ~~---___./
. \__O__/ ..==_º_) _\|_----~~\\
Swim!
88%
~~/\/\/\/\~~~~~~~~~/|~~~~~~~~
^ (_) (_) > ..__--~~~ ~~---___.`/
.\__O__/ . . ==_º_) _\|_----~~\\
Swim!
88%
~~/\/\/\/\~~~~~~~~~/|~~~~~~~~
< (_) (_) ^ ..__--~~~ ~~---___./
. \__O__/ ..==_º_) _\|_----~~\\
Swim!
88%
~~/\/\/\/\~~~~~~~~~/|~~~~~~~~
^ (_) (_) > ..__--~~~ ~~---___.`/
.\__O__/ . . ==_º_) _\|_----~~\\
Swim!
87%
~~/\/\/\/\~~~~~~~~~/|~~~~~~~~
< (_) (_) ^ ..__--~~~ ~~---___./
. \__O__/ ..==_º_) _\|_----~~\\
Swim!
87%
~~/\/\/\/\~~~~~~~~~/|~~~~~~~~
^ (_) (_) > ..__--~~~ ~~---___.`/
.\__O__/ . . ==_º_) _\|_----~~\\
Swim!
86%
~~/\/\/\/\~~~~~~~~~/|~~~~~~~~
< (_) (_) ^ ..__--~~~ ~~---___./
. \__O__/ ..==_º_) _\|_----~~\\
Swim!
86%
~~/\/\/\/\~~~~~~~~~/|~~~~~~~~
^ (_) (_) > ..__--~~~ ~~---___.`/
.\__O__/ . . ==_º_) _\|_----~~\\
Swim!
86%
~~/\/\/\/\~~~~~~~~~/|~~~~~~~~
< (_) (_) ^ ..__--~~~ ~~---___./
. \__O__/ ..==_º_) _\|_----~~\\
Swim!
85%
~~/\/\/\/\~~~~~~~~~/|~~~~~~~~
^ (_) (_) > ..__--~~~ ~~---___.`/
.\__O__/ . . ==_º_) _\|_----~~\\
Swim!
85%
~~/\/\/\/\~~~~~~~~~/|~~~~~~~~
< (_) (_) ^ ..__--~~~ ~~---___./
. \__O__/ ..==_º_) _\|_----~~\\
Swim!
84%
~~/\/\/\/\~~~~~~~~~/|~~~~~~~~
^ (_) (_) > ..__--~~~ ~~---___.`/
.\__O__/ . . ==_º_) _\|_----~~\\
Swim!
84%
~~/\/\/\/\~~~~~~~~~/|~~~~~~~~
< (_) (_) ^ ..__--~~~ ~~---___./
. \__O__/ ..==_º_) _\|_----~~\\
Swim!
84%
~~/\/\/\/\~~~~~~~~~/|~~~~~~~~
^ (_) (_) > ..__--~~~ ~~---___.`/
.\__O__/ . . ==_º_) _\|_----~~\\
Swim!
83%
~~/\/\/\/\~~~~~~~~~/|~~~~~~~~
< (_) (_) ^ ..__--~~~ ~~---___./
. \__O__/ ..==_º_) _\|_----~~\\
Swim!
82%
~~/\/\/\/\~~~~~~~~/|~~~~~~~~
^ (_) (_) > __--~~~ ~~---___.`/
.\__O__/ ==_º_) _\|_----~~\\
Swim!
82%
~~/\/\/\/\~~~~~~~~/|~~~~~~~~
< (_) (_) ^ __--~~~ ~~---___./
. \__O__/ ==_º_) _\|_----~~\\
Swim!
82%
~~/\/\/\/\~~~~~~~~/|~~~~~~~~
^ (_) (_) > __--~~~ ~~---___.`/
.\__O__/ ==_º_) _\|_----~~\\
Swim!
82%
~~/\/\/\/\~~~~~~~~/|~~~~~~~~
< (_) (_) ^ __--~~~ ~~---___./
. \__O__/ ==_º_) _\|_----~~\\
Swim!
81%
~~/\/\/\/\~~~~~~~~/|~~~~~~~~
^ (_) (_) > __--~~~ ~~---___.`/
.\__O__/ ==_º_) _\|_----~~\\
Swim!
81%
~~/\/\/\/\~~~~~~~~/|~~~~~~~~
< (_) (_) ^ __--~~~ ~~---___./
. \__O__/ ==_º_) _\|_----~~\\
Swim!
81%
~~/\/\/\/\~~~~~~~~/|~~~~~~~~
^ (_) (_) > __--~~~ ~~---___.`/
.\__O__/ ==_º_) _\|_----~~\\
Swim!
80%
~~/\/\/\/\~~~~~~~~/|~~~~~~~~
< (_) (_) ^ __--~~~ ~~---___./
. \__O__/ ==_º_) _\|_----~~\\
Swim!
80%
~~/\/\/\/\~~~~~~~~/|~~~~~~~~
^ (_) (_) > __--~~~ ~~---___.`/
.\__O__/ ==_º_) _\|_----~~\\
Swim!
79%
~~/\/\/\/\~~~~~~~~/|~~~~~~~~
< (_) (_) ^ __--~~~ ~~---___./
. \__O__/ ==_º_) _\|_----~~\\
Swim!
78%
~~/\/\/\/\~~~~~~~~/|~~~~~~~~
^ (_) (_) > __--~~~ ~~---___.`/
.\__O__/ ==_º_) _\|_----~~\\
Swim!
78%
~~/\/\/\/\~~~~~~~~/|~~~~~~~~
< (_) (_) ^ __--~~~ ~~---___./
. \__O__/ ==_º_) _\|_----~~\\
Swim!
76%
~~/\/\/\/\~~~~~~~~/|~~~~~~~~
^ (_) (_) > __--~~~ ~~---___.`/
.\__O__/ ==_º_) _\|_----~~\\
Swim!
75%
~~/\/\/\/\~~~~~~~~/|~~~~~~~~
< (_) (_) ^ __--~~~ ~~---___./
. \__O__/ ==_º_) _\|_----~~\\
Swim!
74%
~~/\/\/\/\~~~~~~~~/|~~~~~~~~
^ (_) (_) > __--~~~ ~~---___.`/
.\__O__/ ==_º_) _\|_----~~\\
Swim!
73%
~~/\/\/\/\~~~~~~~~/|~~~~~~~~
< (_) (_) ^ __--~~~ ~~---___./
. \__O__/ ==_º_) _\|_----~~\\
Swim!
72%
~~/\/\/\/\~~~~~~~~/|~~~~~~~~
^ (_) (_) > __--~~~ ~~---___.`/
.\__O__/ ww_º_) _\|_----~~\\
Swim!
70%
~~/\/\/\/\~~~~~~~~/|~~~~~~~~
< (_) (_) ^ __--~~~ ~~---___./
. \__O__/ ww_º_) _\|_----~~\\
Swim!
69%
~~/\/\/\/\~~~~~~~~/|~~~~~~~~
^ (_) (_) > __--~~~ ~~---___.`/
.\__O__/ ww_º_) _\|_----~~\\
Swim!
67%
~~/\/\/\/\~~~~~~~~/|~~~~~~~~
< (_) (_) ^ __--~~~ ~~---___./
. \__O__/ ww_º_) _\|_----~~\\
Swim!
66%
~~/\/\/\/\~~~~~~~~/|~~~~~~~~
^ (_) (_) > __--~~~ ~~---___.`/
.\__O__/ ww_º_) _\|_----~~\\
Swim!
65%
~~/\/\/\/\~~~~~~~~/|~~~~~~~~
< (_) (_) ^ __--~~~ ~~---___./
. \__O__/ ww_º_) _\|_----~~\\
Swim!
63%
~~/\/\/\/\~~~~~~~~/|~~~~~~~~
^ (_) (_) > __--~~~ ~~---___.`/
.\__O__/ ww_º_) _\|_----~~\\
Swim!
63%
~~/\/\/\/\~~~~~~~~/|~~~~~~~~
< (_) (_) ^ __--~~~ ~~---___./
. \__O__/ ww_º_) _\|_----~~\\
Swim!
62%
~~/\/\/\/\~~~~~~~~/|~~~~~~~~
^ (_) (_) > __--~~~ ~~---___.`/
.\__O__/ ww_º_) _\|_----~~\\
Swim!
60%
~~/\/\/\/\~~~~~~~~/|~~~~~~~~
< (_) (_) ^ __--~~~ ~~---___./
. \__O__/ ww_º_) _\|_----~~\\
Swim!
59%
~~/\/\/\/\~~~~~~~~/|~~~~~~~~
^ (_) (_) > __--~~~ ~~---___.`/
.\__O__/ ww_º_) _\|_----~~\\
Swim!
58%
~~/\/\/\/\~~~~~~~~/|~~~~~~~~
< (_) (_) ^ __--~~~ ~~---___./
. \__O__/ ww_º_) _\|_----~~\\
Swim!
56%
~~/\/\/\/\~~~~~~~~/|~~~~~~~~
^ (_) (_) > __--~~~ ~~---___./
.\__O__/ ww_º_) _\|_----~~\\
Swim!
56%
~~/\/\/\/\~~~~~~~~/|~~~~~~~~
< (_) (_) ^ __--~~~ ~~---___.`/
. \__O__/ ww_º_) _\|_----~~\\
Swim!
54%
~~~~~~/|~~~~~~~~~~~~~~~
__--~~~ ~~---___.`/
u_º_) _\|_----~~\\
Swim!
52%
~~~~~~/|~~~~~~~~~~~~~~~
__--~~~ ~~---___.`/
u_º_) _\|_----~~\\
Swim!
51%
~~~~~~/|~~~~~~~~~~~~~~~
__--~~~ ~~---___.`/
u_º_) _\|_----~~\\
Swim!
48%
~~~~~~/|~~~~~~~~~~~~~~~
__--~~~ ~~---___.`/
u_º_) _\|_----~~\\
Swim!
48%
~~~~~~/|~~~~~~~~~~~~~~~
__--~~~ ~~---___.`/
u_º_) _\|_----~~\\
Swim!
46%
~~~~~~/|~~~~~~~~~~~~~~~
__--~~~ ~~---___.`/
u_º_) _\|_----~~\\
Swim!
44%
No matching quizzes found
Score Distribution
Percent of People with Each Score
Percentile by Number Answered
Your Score History
You have not taken this quiz since the last reset